<?xml version="1.0" encoding="UTF-8"?>
<marc:record xmlns:marc="http://www.loc.gov/MARC21/slim">
   <marc:leader>00000nam a2200000 a 4500</marc:leader>
   <marc:datafield ind1="1" ind2=" " tag="100">
      <marc:subfield code="a">Wessel, Kathrin</marc:subfield>
      <marc:subfield code="4">aut</marc:subfield>
      <marc:subfield code="e">Verfasser/-in</marc:subfield>
   </marc:datafield>
   <marc:datafield ind1="0" ind2="0" tag="245">
      <marc:subfield code="a">Hallo Tiere!</marc:subfield>
   </marc:datafield>
   <marc:datafield ind1="0" ind2="0" tag="245">
      <marc:subfield code="b">ein Bildwörterbuch</marc:subfield>
   </marc:datafield>
   <marc:datafield ind1="0" ind2="0" tag="245">
      <marc:subfield code="c">Kathrin Wessel</marc:subfield>
   </marc:datafield>
   <marc:datafield ind1=" " ind2="1" tag="264">
      <marc:subfield code="a">Hamburg</marc:subfield>
      <marc:subfield code="b">Oetinger</marc:subfield>
      <marc:subfield code="c">2015</marc:subfield>
   </marc:datafield>
   <marc:datafield ind1="1" ind2=" " tag="520">
      <marc:subfield code="a">Angaben aus der Verlagsmeldung

Hallo Tiere! / von Kathrin Wessel

Eule, Elefant und freche Krabbe: das große Wörterbuch der Tiere.

So viele Tiere gibt es auf der Welt! Auf dem Bauernhof leben Schweine, Schafe und Kühe, unter Wasser Quallen, Krabben und der riesige Pottwal. In glühender Hitze halten Zebra und Giraffen es aus, und in der eisigen Kälte sitzen Eisbären und Pinguine auf großen Eisschollen. Die Kinder haben viel Freude daran, die Tiere beim Namen zu nennen und ihre Lieblingstiere zu finden.
Liebenswerte, frische Illustrationen mit Witz und Charme: Tiere auf dem Bauernhof, im Wasser, in der Luft, im Wald und in anderen Welten. Jedes Tier mit Namen und Artikel.
</marc:subfield>
   </marc:datafield>
   <marc:datafield ind1=" " ind2=" " tag="020">
      <marc:subfield code="a">9783789178788</marc:subfield>
      <marc:subfield code="9">9783789178788</marc:subfield>
   </marc:datafield>
   <marc:datafield ind1=" " ind2=" " tag="020">
      <marc:subfield code="a">3789178780</marc:subfield>
      <marc:subfield code="9">3789178780</marc:subfield>
   </marc:datafield>
</marc:record>
